Derecho de Sucesiones. El testamento y la herencia /

Bibliographic Details
Main Author: Acedo Penco, ℓngel
Format: eBook
Language:Spanish
Published: Madrid: Dykinson, 2014
Subjects:
Online Access:Acceso restringido

MARC

LEADER 00000nam a22000007a 4500
005 20140716012715.0
007 cr|||| ||||
008 140716s2014 es |||||s|||| 00||0 spa d
020 |a 978-84-9031-899-7 
035 |a 12304 
040 |a vLex 
090 |c 5089  |d 5089 
100 1 |a Acedo Penco, ℓngel 
245 1 0 |a Derecho de Sucesiones.  |h [Recurso electrn̤ico] :  |b El testamento y la herencia /  |c ℓngel Acedo Penco 
256 |a Servicio en ln̕ea 
260 |a Madrid:  |b Dykinson,  |c 2014 
300 |a 1 recurso electrn̤ico 
506 1 |a Disponible solo en los productos indicados  |d vLex Global  |d vLex Global (Academic Edition, excluding Law Schools)  |d vLex Global (U.S. Academic Edition, Law Schools)  |d vLex Global (U.S. Academic Edition, excluding Law Schools)  |d vLex Global (Academic Edition, Law Schools) 
650 0 4 |a Familia y Sucesiones  |z Espaą 
740 0 |a vLex Libros (Servicio en ln̕ea) 
856 4 0 |u http://vlex.com/source/derecho-sucesiones-testamento-herencia-12304  |z Acceso restringido 
942 |c BOOK 
999 0 |a Family and Inheritance